00474pam a2200205 a 4500001000800000005001700008008004100025010001700066020001500083040001800098041000800116060001500124080001700139082001700156100000600173101000800179240002300187245003400210740002400244231403520180306063946.0810420s1982 mdua d 000 0 eng  a 81003021  a0683079158 aDLCcDLCdDLC aeng aW 13 S812m a610.321 ste00a610.321 ste1 a4 ashm10aMedical dictionary10aStedman's Medical dictionary.0 aMedical dictionary.